000 00848nas a2200277 4500
001 BR2010004678
003 BR-BrBNA
005 20231205114303.0
007 ta
008 230509b bl.|||p| |||| 00| 00por d
040 _aBR-BrBNA
_bpor
_cBiblioteca Nacional de Agricultura
041 _a(Pt)
072 _aF61
100 1 _aPezzopane, J.R.M.
100 1 _aMarsetti, M.M.S.
100 1 _aSouza, J.M. de
100 1 _aPezzopane, J.E.M.
245 1 _aCondições microclimáticas em cultivo de café conilon a pleno sol e arborizado com nogueira macadâmia
650 _aCAFÉ
650 _aMACADÂMIA
650 _aARBORIZAÇÃO
650 _aFOTOSSÍNTESE
773 0 _tCiência Rural (Brazil)
_xISSN 0103-8478
_g(Jun 2010), v. 40(6) p. 1257-1263
_wBR2010004678
909 _a202311
_bLúcia
_c55
_dLúcia Elande
942 _2AGRIS
_n0
_cANA
999 _c208039
_d208039